[Event "DVM U20 2019"]
[Site "Braunschweig GER"]
[Date "2019.12.28"]
[Round "4"]
[White "Yankelevich, Michael"]
[Black "Kololli, Martin"]
[Result "1/2-1/2"]
[Termination "normal"]
[Board "4.1"]
[BlackTitle "FM"]
[WhiteElo "2064"]
[BlackElo "2343"]
[WhiteClock "01:15:44"]
[BlackClock "00:11:42"]
[WhiteTeam "SG Trier"]
[BlackTeam "Lübecker SV"]
[PlyCount "98"]
[WhiteFideId "12921440"]
[BlackFideId "12936910"]
[EventCountry "GER"]
[EventRounds "7"]
[EventType "team-swiss"]
[EventDate "2019.12.26"]

1. e4 {[%clk 1:30:56]} e5 {[%clk 1:30:56]} 2. Nf3 {[%clk 1:31:22]} Nc6 {[%clk
1:31:22]} 3. Bc4 {[%clk 1:31:45]} Nf6 {[%clk 1:31:49]} 4. d3 {[%clk 1:32:11]}
Be7 {[%clk 1:32:10]} 5. c3 {[%clk 1:32:36]} O-O {[%clk 1:32:32]} 6. Bb3 {[%clk
1:33:02]} d5 {[%clk 1:32:36]} 7. Qe2 {[%clk 1:33:24]} dxe4 {[%clk 1:29:11]} 8.
dxe4 {[%clk 1:33:41]} Bc5 {[%clk 1:29:08]} 9. h3 {[%clk 1:32:05]} a5 {[%clk
1:22:37]} 10. Nbd2 {[%clk 1:29:46]} Nh5 {[%clk 1:20:50]} 11. Nf1 {[%clk
1:27:40]} Nf4 {[%clk 1:17:23]} 12. Bxf4 {[%clk 1:27:56]} exf4 {[%clk 1:17:49]}
13. Rd1 {[%clk 1:27:01]} Qe7 {[%clk 1:18:13]} 14. N1d2 {[%clk 1:27:08]} a4
{[%clk 1:16:02]} 15. Bc2 {[%clk 1:26:12]} Re8 {[%clk 1:08:59]} 16. O-O {[%clk
1:22:32]} Ne5 {[%clk 0:54:01]} 17. Nxe5 {[%clk 1:20:25]} Qxe5 {[%clk 0:54:25]}
18. Nf3 {[%clk 1:20:31]} Qh5 {[%clk 0:51:12]} 19. Kh2 {[%clk 1:18:59]} Bd6
{[%clk 0:44:34]} 20. Rfe1 {[%clk 1:15:59]} Bg4 {[%clk 0:43:53]} 21. Kg1 {[%clk
1:13:15]} Bxf3 {[%clk 0:35:59]} 22. Qxf3 {[%clk 1:13:37]} Qxf3 {[%clk 0:35:13]}
23. gxf3 {[%clk 1:14:06]} a3 {[%clk 0:31:44]} 24. b3 {[%clk 1:13:44]} Be5
{[%clk 0:32:04]} 25. Rd3 {[%clk 1:13:48]} Rad8 {[%clk 0:30:11]} 26. Red1 {[%clk
1:14:08]} Rxd3 {[%clk 0:29:57]} 27. Rxd3 {[%clk 1:14:32]} Kf8 {[%clk 0:30:03]}
28. c4 {[%clk 1:14:12]} Ke7 {[%clk 0:27:37]} 29. b4 {[%clk 1:13:07]} Rd8 {[%clk
0:26:03]} 30. Rxd8 {[%clk 1:12:03]} Kxd8 {[%clk 0:25:15]} 31. Kf1 {[%clk
1:12:25]} Ke7 {[%clk 0:25:11]} 32. Ke2 {[%clk 1:12:06]} Bc3 {[%clk 0:25:23]}
33. b5 {[%clk 1:12:33]} Kd6 {[%clk 0:25:27]} 34. Bb3 {[%clk 1:12:56]} Kc5
{[%clk 0:25:39]} 35. Kd3 {[%clk 1:13:08]} Be5 {[%clk 0:25:42]} 36. Bd1 {[%clk
1:13:29]} f6 {[%clk 0:25:41]} 37. Be2 {[%clk 1:13:52]} Bd4 {[%clk 0:25:11]} 38.
Bd1 {[%clk 1:14:19]} Bxf2 {[%clk 0:25:18]} 39. Be2 {[%clk 1:14:42]} Kd6 {[%clk
0:25:09]} 40. Bd1 {[%clk 1:14:52]} Ke5 {[%clk 0:25:23]} 41. Bc2 {[%clk
1:15:17]} Bc5 {[%clk 0:25:43]} 42. Bd1 {[%clk 1:15:39]} Ke6 {[%clk 0:23:06]}
43. Ke2 {[%clk 1:15:55]} Ke5 {[%clk 0:16:36]} 44. Kd3 {[%clk 1:15:46]} h5
{[%clk 0:13:27]} 45. Bc2 {[%clk 1:14:54]} g5 {[%clk 0:13:33]} 46. Bd1 {[%clk
1:15:20]} h4 {[%clk 0:12:01]} 47. Be2 {[%clk 1:15:07]} b6 {[%clk 0:12:22]} 48.
Bf1 {[%clk 1:15:20]} Bd6 {[%clk 0:11:57]} 49. Bg2 {[%clk 1:15:44]} Bc5 {[%clk
0:11:42]} 1/2-1/2

[Event "DVM U20 2019"]
[Site "Braunschweig GER"]
[Date "2019.12.28"]
[Round "4"]
[White "Poghosyan, Tigran"]
[Black "Rauch, Sören"]
[Result "0-1"]
[Termination "normal"]
[Board "4.2"]
[WhiteElo "2109"]
[BlackElo "1901"]
[WhiteClock "00:30:27"]
[BlackClock "00:37:13"]
[WhiteTeam "Lübecker SV"]
[BlackTeam "SG Trier"]
[PlyCount "46"]
[WhiteFideId "12909319"]
[BlackFideId "12973289"]
[EventCountry "GER"]
[EventRounds "7"]
[EventType "team-swiss"]
[EventDate "2019.12.26"]

1. e4 {[%clk 1:30:58]} e6 {[%clk 1:30:57]} 2. d4 {[%clk 1:31:13]} d5 {[%clk
1:31:22]} 3. Nd2 {[%clk 1:31:38]} Nf6 {[%clk 1:31:48]} 4. e5 {[%clk 1:31:57]}
Nfd7 {[%clk 1:32:14]} 5. Bd3 {[%clk 1:31:54]} c5 {[%clk 1:31:32]} 6. c3 {[%clk
1:32:17]} Nc6 {[%clk 1:31:52]} 7. Ndf3 {[%clk 1:32:20]} a6 {[%clk 1:28:28]} 8.
Ne2 {[%clk 1:31:33]} b5 {[%clk 1:28:34]} 9. O-O {[%clk 1:26:14]} Be7 {[%clk
1:27:35]} 10. Ne1 {[%clk 1:25:29]} Qb6 {[%clk 1:22:43]} 11. Be3 {[%clk
1:23:59]} c4 {[%clk 1:14:51]} 12. Bc2 {[%clk 1:24:15]} b4 {[%clk 1:13:19]} 13.
f4 {[%clk 1:21:45]} a5 {[%clk 1:00:39]} 14. Rf3 {[%clk 1:09:57]} g6 {[%clk
0:55:55]} 15. g4 {[%clk 1:06:48]} Bb7 {[%clk 0:53:37]} 16. f5 {[%clk 1:05:51]}
gxf5 {[%clk 0:52:46]} 17. gxf5 {[%clk 1:06:20]} O-O-O {[%clk 0:52:39]} 18. Nf4
{[%clk 0:55:57]} Rdg8+ {[%clk 0:48:18]} 19. Kh1 {[%clk 0:47:22]} Nd8 {[%clk
0:47:58]} 20. f6 {[%clk 0:41:20]} Bf8 {[%clk 0:47:48]} 21. Nh5 {[%clk 0:41:20]}
Nc6 {[%clk 0:44:44]} 22. Bf4 {[%clk 0:37:11]} Ncxe5 {[%clk 0:37:13]} 23. dxe5
{[%clk 0:30:27]} Qg1# 0-1

[Event "DVM U20 2019"]
[Site "Braunschweig GER"]
[Date "2019.12.28"]
[Round "4"]
[White "Dörp, Max Marian"]
[Black "Roos, Elias"]
[Result "0-1"]
[Termination "normal"]
[Board "4.4"]
[WhiteElo "1767"]
[BlackElo "1812"]
[WhiteClock "00:00:32"]
[BlackClock "00:06:43"]
[WhiteTeam "Lübecker SV"]
[BlackTeam "SG Trier"]
[PlyCount "141"]
[WhiteFideId "12983551"]
[BlackFideId "12953415"]
[EventCountry "GER"]
[EventRounds "7"]
[EventType "team-swiss"]
[EventDate "2019.12.26"]

1. Nf3 {[%clk 1:30:52]} c5 {[%clk 1:30:56]} 2. c4 {[%clk 1:31:19]} Nc6 {[%clk
1:31:22]} 3. d4 {[%clk 1:31:32]} cxd4 {[%clk 1:31:33]} 4. Nxd4 {[%clk 1:31:55]}
g6 {[%clk 1:31:15]} 5. e4 {[%clk 1:31:30]} Bg7 {[%clk 1:31:33]} 6. Be3 {[%clk
1:31:43]} Nf6 {[%clk 1:31:33]} 7. Nc3 {[%clk 1:31:49]} d6 {[%clk 1:30:50]} 8.
Be2 {[%clk 1:32:08]} Bd7 {[%clk 1:29:30]} 9. O-O {[%clk 1:32:02]} O-O {[%clk
1:29:14]} 10. Rc1 {[%clk 1:31:48]} Rc8 {[%clk 1:25:33]} 11. b3 {[%clk 1:30:48]}
Qa5 {[%clk 1:23:42]} 12. f3 {[%clk 1:28:31]} Rfe8 {[%clk 1:19:38]} 13. Qd2
{[%clk 1:25:38]} a6 {[%clk 1:06:37]} 14. Rfd1 {[%clk 1:24:43]} Nxd4 {[%clk
1:01:48]} 15. Bxd4 {[%clk 1:24:37]} b5 {[%clk 0:58:05]} 16. cxb5 {[%clk
1:16:52]} axb5 {[%clk 0:57:25]} 17. Qb2 {[%clk 1:13:59]} Bh6 {[%clk 0:47:20]}
18. Rc2 {[%clk 1:04:43]} Nh5 {[%clk 0:30:42]} 19. Nd5 {[%clk 0:55:56]} Rxc2
{[%clk 0:27:08]} 20. Qxc2 {[%clk 0:53:51]} Nf4 {[%clk 0:27:01]} 21. b4 {[%clk
0:43:52]} Qa4 {[%clk 0:23:11]} 22. Qxa4 {[%clk 0:41:41]} Nxe2+ {[%clk 0:23:10]}
23. Kf2 {[%clk 0:41:55]} bxa4 {[%clk 0:23:38]} 24. Kxe2 {[%clk 0:42:09]} Bb5+
{[%clk 0:23:21]} 25. Kf2 {[%clk 0:41:47]} Bc4 {[%clk 0:22:55]} 26. a3 {[%clk
0:32:01]} Bb3 {[%clk 0:16:46]} 27. Re1 {[%clk 0:24:11]} Kf8 {[%clk 0:16:14]}
28. Nb6 {[%clk 0:19:17]} Rd8 {[%clk 0:11:57]} 29. g3 {[%clk 0:18:17]} Bd2
{[%clk 0:09:46]} 30. Re2 {[%clk 0:14:34]} Bc1 {[%clk 0:09:49]} 31. Bb2 {[%clk
0:14:36]} Bxb2 {[%clk 0:10:10]} 32. Rxb2 {[%clk 0:14:57]} Ke8 {[%clk 0:10:14]}
33. Rd2 {[%clk 0:11:56]} Rb8 {[%clk 0:09:24]} 34. Nd5 {[%clk 0:12:01]} Rc8
{[%clk 0:09:16]} 35. Ke3 {[%clk 0:08:15]} Rc1 {[%clk 0:07:28]} 36. b5 {[%clk
0:03:29]} Ra1 {[%clk 0:03:28]} 37. b6 {[%clk 0:01:34]} Bxd5 {[%clk 0:03:44]}
38. Rxd5 {[%clk 0:01:09]} Rxa3+ {[%clk 0:04:12]} 39. Kf4 {[%clk 0:00:32]} Rb3
{[%clk 0:04:38]} 40. Ra5 {[%clk 0:00:47]} Rxb6 {[%clk 0:03:13]} 41. Rxa4 {[%clk
0:01:04]} Rb5 {[%clk 0:29:44]} 42. Ra3 {[%clk 0:31:16]} Kd7 {[%clk 0:27:53]}
43. h4 {[%clk 0:30:39]} Ke6 {[%clk 0:28:12]} 44. Re3 {[%clk 0:29:51]} Kf6
{[%clk 0:27:51]} 45. Ra3 {[%clk 0:30:00]} h5 {[%clk 0:25:09]} 46. Ke3 {[%clk
0:28:23]} Rb7 {[%clk 0:24:44]} 47. Rd3 {[%clk 0:28:02]} Rd7 {[%clk 0:24:22]}
48. Ra3 {[%clk 0:25:52]} e6 {[%clk 0:24:13]} 49. Rd3 {[%clk 0:24:09]} Ke5
{[%clk 0:21:52]} 50. Ra3 {[%clk 0:21:35]} d5 {[%clk 0:21:16]} 51. Ra5 {[%clk
0:21:17]} Rb7 {[%clk 0:18:54]} 52. exd5 {[%clk 0:13:02]} exd5 {[%clk 0:19:09]}
53. Ra3 {[%clk 0:12:05]} Rd7 {[%clk 0:16:32]} 54. Ra5 {[%clk 0:11:57]} Rb7
{[%clk 0:15:30]} 55. Ra3 {[%clk 0:12:05]} Rb6 {[%clk 0:15:24]} 56. Ra7 {[%clk
0:02:42]} f6 {[%clk 0:13:04]} 57. Re7+ {[%clk 0:02:30]} Re6 {[%clk 0:13:14]}
58. Rh7 {[%clk 0:01:39]} f5 {[%clk 0:07:15]} 59. Ra7 {[%clk 0:01:29]} f4+
{[%clk 0:05:13]} 60. gxf4+ {[%clk 0:00:43]} Kf5+ {[%clk 0:05:42]} 61. Kf2
{[%clk 0:00:57]} Kxf4 {[%clk 0:05:52]} 62. Ra4+ {[%clk 0:00:56]} Kf5 {[%clk
0:06:05]} 63. Kg3 Rd6 {[%clk 0:06:05]} 64. Rd4 {[%clk 0:00:45]} Ke5 {[%clk
0:06:18]} 65. Ra4 {[%clk 0:00:58]} d4 {[%clk 0:05:53]} 66. Ra5+ {[%clk
0:00:37]} Rd5 {[%clk 0:06:16]} 67. Ra2 {[%clk 0:00:31]} d3 {[%clk 0:06:38]} 68.
Rd2 {[%clk 0:00:55]} Kd4 {[%clk 0:06:26]} 69. Ra2 {[%clk 0:00:40]} Kc3 {[%clk
0:06:26]} 70. Ra3+ {[%clk 0:00:32]} Kb2 {[%clk 0:06:43]} 71. f4 0-1

[Event "DVM U20 2019"]
[Site "Braunschweig GER"]
[Date "2019.12.28"]
[Round "4"]
[White "Sequeira, Titus"]
[Black "Mundt, Alexandra"]
[Result "0-1"]
[Termination "normal"]
[Board "4.5"]
[WhiteElo "1472"]
[BlackElo "1775"]
[WhiteClock "00:30:39"]
[BlackClock "00:32:31"]
[WhiteTeam "SG Trier"]
[BlackTeam "Lübecker SV"]
[PlyCount "66"]
[WhiteFideId "16262522"]
[BlackFideId "16217276"]
[EventCountry "GER"]
[EventRounds "7"]
[EventType "team-swiss"]
[EventDate "2019.12.26"]

1. e4 {[%clk 1:30:59]} e5 {[%clk 1:30:54]} 2. Nf3 {[%clk 1:31:23]} Nf6 {[%clk
1:31:16]} 3. Nc3 {[%clk 1:31:41]} Bb4 {[%clk 1:31:38]} 4. Be2 {[%clk 1:29:56]}
d6 {[%clk 1:31:16]} 5. O-O {[%clk 1:29:45]} Bxc3 {[%clk 1:29:10]} 6. dxc3
{[%clk 1:29:50]} Nxe4 {[%clk 1:29:32]} 7. Re1 {[%clk 1:28:02]} Nf6 {[%clk
1:29:46]} 8. Bg5 {[%clk 1:27:33]} O-O {[%clk 1:28:35]} 9. Bd3 {[%clk 1:26:42]}
Bg4 {[%clk 1:27:06]} 10. h3 {[%clk 1:22:23]} Bh5 {[%clk 1:25:35]} 11. g4 {[%clk
1:06:35]} Bg6 {[%clk 1:25:38]} 12. Nh4 {[%clk 1:01:37]} Bxd3 {[%clk 1:22:24]}
13. Qxd3 {[%clk 1:01:55]} h6 {[%clk 1:20:46]} 14. Bd2 {[%clk 0:59:50]} Nbd7
{[%clk 1:12:22]} 15. Kh2 {[%clk 0:58:26]} Nc5 {[%clk 1:12:36]} 16. Qf5 {[%clk
0:54:30]} Nfe4 {[%clk 1:03:06]} 17. Nf3 {[%clk 0:52:00]} g6 {[%clk 1:02:40]}
18. Qxe4 {[%clk 0:50:23]} Nxe4 {[%clk 1:03:08]} 19. Rxe4 Qf6 {[%clk 1:02:55]}
20. Kg3 {[%clk 0:50:10]} Rfe8 {[%clk 0:54:09]} 21. Bxh6 {[%clk 0:49:41]} d5
{[%clk 0:54:29]} 22. Bg5 {[%clk 0:47:43]} Qb6 {[%clk 0:51:43]} 23. Rb4 {[%clk
0:45:16]} Qc6 {[%clk 0:50:10]} 24. Re1 {[%clk 0:44:06]} f6 {[%clk 0:47:37]} 25.
Be3 {[%clk 0:42:31]} a5 {[%clk 0:46:05]} 26. Rb3 {[%clk 0:41:40]} f5 {[%clk
0:41:29]} 27. gxf5 {[%clk 0:40:16]} gxf5 {[%clk 0:41:51]} 28. Kh2 {[%clk
0:40:39]} d4 {[%clk 0:38:53]} 29. Rg1+ {[%clk 0:39:33]} Kh8 {[%clk 0:33:52]}
30. cxd4 {[%clk 0:36:52]} Qxf3 {[%clk 0:32:45]} 31. dxe5 {[%clk 0:36:45]} Qe4
{[%clk 0:32:35]} 32. f4 {[%clk 0:34:40]} Rg8 {[%clk 0:32:46]} 33. Rd3 {[%clk
0:30:39]} Rxg1 {[%clk 0:32:31]} 0-1

[Event "DVM U20 2019"]
[Site "Braunschweig GER"]
[Date "2019.12.28"]
[Round "4"]
[White "Joeres, Stefan"]
[Black "Hoffmann, Jens"]
[Result "0-1"]
[Termination "normal"]
[Board "5.1"]
[WhiteElo "2201"]
[BlackElo "2113"]
[WhiteClock "00:24:27"]
[BlackClock "00:01:16"]
[WhiteTeam "Karlsruher SF"]
[BlackTeam "SF HN-Biberach 1978 e.V."]
[PlyCount "62"]
[WhiteFideId "12983160"]
[BlackFideId "12946320"]
[EventCountry "GER"]
[EventRounds "7"]
[EventType "team-swiss"]
[EventDate "2019.12.26"]

1. e4 {[%clk 1:30:58]} c5 {[%clk 1:30:55]} 2. Nf3 {[%clk 1:31:25]} d6 {[%clk
1:31:21]} 3. d4 {[%clk 1:31:52]} cxd4 {[%clk 1:31:47]} 4. Nxd4 {[%clk 1:32:19]}
Nf6 {[%clk 1:32:10]} 5. Nc3 {[%clk 1:32:46]} a6 {[%clk 1:32:31]} 6. a3 {[%clk
1:31:07]} e5 {[%clk 1:32:05]} 7. Nf5 {[%clk 1:31:12]} d5 {[%clk 1:32:09]} 8.
Bg5 {[%clk 1:31:25]} d4 {[%clk 1:30:59]} 9. Bxf6 {[%clk 1:31:54]} gxf6 {[%clk
1:30:21]} 10. Na2 {[%clk 1:31:48]} Bxf5 {[%clk 1:21:52]} 11. exf5 {[%clk
1:31:43]} Qd5 {[%clk 1:13:09]} 12. Be2 {[%clk 1:31:58]} e4 {[%clk 1:13:18]} 13.
O-O {[%clk 1:17:49]} Nc6 {[%clk 1:07:27]} 14. Nc3 {[%clk 1:10:12]} Qe5 {[%clk
0:59:00]} 15. f4 {[%clk 0:51:05]} exf3 {[%clk 0:42:27]} 16. Bxf3 {[%clk
0:51:11]} O-O-O {[%clk 0:42:33]} 17. Ne4 {[%clk 0:48:10]} Kb8 {[%clk 0:41:16]}
18. Qd3 {[%clk 0:44:49]} Bh6 {[%clk 0:37:22]} 19. Qc4 {[%clk 0:39:59]} Bf4
{[%clk 0:25:59]} 20. g3 {[%clk 0:35:41]} Be3+ {[%clk 0:26:14]} 21. Kg2 {[%clk
0:35:47]} Qe7 {[%clk 0:00:46]} 22. Nc5 {[%clk 0:27:33]} Rc8 {[%clk 0:01:14]}
23. Nxa6+ {[%clk 0:24:28]} Ka7 {[%clk 0:00:42]} 24. Nc5 {[%clk 0:24:12]} Na5
{[%clk 0:00:58]} 25. Qe2 {[%clk 0:23:18]} Qxc5 {[%clk 0:00:36]} 26. b4 {[%clk
0:23:47]} Qxc2 {[%clk 0:00:47]} 27. bxa5 {[%clk 0:24:16]} d3 {[%clk 0:00:40]}
28. Qxc2 {[%clk 0:23:14]} dxc2 {[%clk 0:01:09]} 29. Rfc1 {[%clk 0:23:37]} Rhd8
{[%clk 0:00:50]} 30. Be4 {[%clk 0:23:59]} Bxc1 {[%clk 0:01:09]} 31. Rxc1 {[%clk
0:24:27]} Rd1 {[%clk 0:01:16]} 0-1

[Event "DVM U20 2019"]
[Site "Braunschweig GER"]
[Date "2019.12.28"]
[Round "4"]
[White "Geltz, Noah"]
[Black "Koll, Lukas"]
[Result "1/2-1/2"]
[Termination "normal"]
[Board "5.2"]
[WhiteElo "2054"]
[BlackElo "2093"]
[WhiteClock "00:30:14"]
[BlackClock "01:02:07"]
[WhiteTeam "SF HN-Biberach 1978 e.V."]
[BlackTeam "Karlsruher SF"]
[PlyCount "90"]
[WhiteFideId "16224256"]
[BlackFideId "12969737"]
[EventCountry "GER"]
[EventRounds "7"]
[EventType "team-swiss"]
[EventDate "2019.12.26"]

1. Nf3 {[%clk 1:30:25]} d5 {[%clk 1:30:50]} 2. c4 {[%clk 1:30:34]} e6 {[%clk
1:30:18]} 3. cxd5 {[%clk 1:29:04]} exd5 {[%clk 1:30:43]} 4. g3 {[%clk 1:28:56]}
Nf6 {[%clk 1:29:54]} 5. Bg2 {[%clk 1:28:20]} c5 {[%clk 1:28:54]} 6. d4 {[%clk
1:28:16]} Nc6 {[%clk 1:28:57]} 7. Nc3 {[%clk 1:27:24]} Be6 {[%clk 1:29:07]} 8.
O-O {[%clk 1:26:46]} Be7 {[%clk 1:28:25]} 9. b3 {[%clk 1:22:54]} O-O {[%clk
1:28:04]} 10. Bb2 {[%clk 1:22:57]} Qd7 {[%clk 1:24:04]} 11. dxc5 {[%clk
1:21:48]} Bxc5 {[%clk 1:24:21]} 12. Rc1 {[%clk 1:21:44]} Be7 {[%clk 1:24:26]}
13. Qd2 {[%clk 1:19:15]} Ne4 {[%clk 1:22:01]} 14. Qd3 {[%clk 1:12:20]} Bf5
{[%clk 1:13:58]} 15. Nxe4 {[%clk 0:54:34]} dxe4 {[%clk 1:07:59]} 16. Qxd7
{[%clk 0:54:27]} Bxd7 {[%clk 1:08:17]} 17. Nd2 {[%clk 0:49:56]} f5 {[%clk
1:08:05]} 18. Nc4 {[%clk 0:50:03]} Rfd8 {[%clk 1:02:38]} 19. g4 {[%clk
0:48:38]} fxg4 {[%clk 0:57:51]} 20. Bxe4 {[%clk 0:48:26]} Be6 {[%clk 0:57:35]}
21. Rfd1 {[%clk 0:45:50]} Rxd1+ {[%clk 0:57:26]} 22. Rxd1 {[%clk 0:46:14]} Rd8
{[%clk 0:57:52]} 23. Rxd8+ {[%clk 0:44:53]} Bxd8 {[%clk 0:56:09]} 24. Nd6
{[%clk 0:45:03]} Nb4 {[%clk 0:54:15]} 25. a3 {[%clk 0:43:59]} Nd5 {[%clk
0:54:14]} 26. Nxb7 {[%clk 0:43:27]} Bb6 {[%clk 0:49:06]} 27. b4 {[%clk
0:42:37]} Nf4 {[%clk 0:48:12]} 28. e3 {[%clk 0:41:16]} Nh3+ {[%clk 0:47:48]}
29. Kg2 {[%clk 0:41:04]} h5 {[%clk 0:48:09]} 30. Nc5 {[%clk 0:40:24]} Bc8
{[%clk 0:48:02]} 31. Bd4 {[%clk 0:38:43]} Ng5 {[%clk 0:47:43]} 32. Bd5+ {[%clk
0:38:39]} Kh7 {[%clk 0:48:02]} 33. Ne4 {[%clk 0:35:50]} Bxd4 {[%clk 0:43:37]}
34. Nxg5+ {[%clk 0:34:34]} Kg6 {[%clk 0:43:57]} 35. exd4 {[%clk 0:34:55]} Kxg5
{[%clk 0:44:21]} 36. b5 {[%clk 0:34:55]} Kf6 {[%clk 0:43:55]} 37. f4 {[%clk
0:34:11]} h4 {[%clk 0:42:34]} 38. a4 {[%clk 0:30:01]} Ke7 {[%clk 0:40:28]} 39.
Bc6 {[%clk 0:23:08]} Kd6 {[%clk 0:40:18]} 40. d5 {[%clk 0:23:04]} Bf5 {[%clk
0:38:50]} 41. Kf2 {[%clk 0:19:19]} Be4 {[%clk 0:38:30]} 42. a5 {[%clk 0:29:47]}
Bxd5 {[%clk 1:08:16]} 43. Bxd5 {[%clk 0:30:03]} Kxd5 {[%clk 1:08:42]} 44. f5
{[%clk 0:30:22]} Kc5 {[%clk 1:08:37]} 45. b6 {[%clk 0:30:14]} axb6 {[%clk
1:02:07]} 1/2-1/2

[Event "DVM U20 2019"]
[Site "Braunschweig GER"]
[Date "2019.12.28"]
[Round "4"]
[White "Wiesner, Alexander"]
[Black "Triantafillidis, Simeon"]
[Result "1-0"]
[Termination "normal"]
[Board "5.3"]
[WhiteElo "1960"]
[BlackElo "1931"]
[WhiteClock "00:12:05"]
[BlackClock "00:24:42"]
[WhiteTeam "Karlsruher SF"]
[BlackTeam "SF HN-Biberach 1978 e.V."]
[PlyCount "117"]
[WhiteFideId "12943991"]
[BlackFideId "12953113"]
[EventCountry "GER"]
[EventRounds "7"]
[EventType "team-swiss"]
[EventDate "2019.12.26"]

1. d4 {[%clk 1:30:51]} c5 {[%clk 1:30:44]} 2. e3 {[%clk 1:31:16]} e6 {[%clk
1:30:55]} 3. Nf3 {[%clk 1:31:15]} Nf6 {[%clk 1:30:38]} 4. c4 {[%clk 1:31:10]}
d5 {[%clk 1:28:47]} 5. Nc3 {[%clk 1:31:30]} Nc6 {[%clk 1:28:37]} 6. Be2 {[%clk
1:25:25]} Bd6 {[%clk 1:26:36]} 7. O-O {[%clk 1:25:28]} O-O {[%clk 1:27:00]} 8.
a3 {[%clk 1:25:10]} Ne4 {[%clk 1:19:47]} 9. Qc2 {[%clk 1:16:29]} Nxc3 {[%clk
1:19:13]} 10. Qxc3 {[%clk 1:15:18]} dxc4 {[%clk 1:14:01]} 11. dxc5 {[%clk
1:14:33]} Bxc5 {[%clk 1:13:21]} 12. Qxc4 {[%clk 1:09:13]} Be7 {[%clk 1:12:18]}
13. Bd2 {[%clk 1:02:52]} Bf6 {[%clk 1:09:37]} 14. Bc3 {[%clk 1:00:06]} e5
{[%clk 1:06:19]} 15. Rfd1 {[%clk 0:50:13]} Qe7 {[%clk 1:05:06]} 16. Qb5 {[%clk
0:41:30]} a6 {[%clk 1:02:11]} 17. Qb6 {[%clk 0:41:30]} Be6 {[%clk 0:57:36]} 18.
Nd2 {[%clk 0:34:31]} Bd5 {[%clk 0:45:03]} 19. Nb3 {[%clk 0:30:58]} Bxb3 {[%clk
0:35:33]} 20. Qxb3 {[%clk 0:31:23]} Rfd8 {[%clk 0:35:37]} 21. Qb6 {[%clk
0:26:43]} Rxd1+ {[%clk 0:26:38]} 22. Rxd1 {[%clk 0:26:55]} Rd8 {[%clk 0:26:43]}
23. Rxd8+ {[%clk 0:24:06]} Nxd8 {[%clk 0:27:06]} 24. Bf3 {[%clk 0:22:10]} h6
{[%clk 0:23:17]} 25. h3 {[%clk 0:14:03]} Qd7 {[%clk 0:21:56]} 26. Bg4 {[%clk
0:13:38]} Qc6 {[%clk 0:18:29]} 27. Qxc6 {[%clk 0:08:46]} Nxc6 {[%clk 0:18:48]}
28. Bc8 {[%clk 0:09:11]} Nd8 {[%clk 0:17:55]} 29. Bb4 {[%clk 0:07:40]} g6
{[%clk 0:10:49]} 30. Kf1 {[%clk 0:05:48]} Bg7 {[%clk 0:09:16]} 31. Be7 {[%clk
0:05:55]} Nc6 {[%clk 0:09:41]} 32. Bd6 {[%clk 0:06:07]} Nd8 {[%clk 0:10:03]}
33. Bc7 {[%clk 0:06:05]} Bf6 {[%clk 0:10:14]} 34. Bd6 {[%clk 0:06:00]} Bg7
{[%clk 0:10:36]} 35. e4 {[%clk 0:05:19]} g5 {[%clk 0:02:22]} 36. Ke2 {[%clk
0:03:32]} Bf6 {[%clk 0:02:29]} 37. Kd3 {[%clk 0:03:45]} Ne6 {[%clk 0:02:26]}
38. Bxe6 {[%clk 0:03:00]} fxe6 {[%clk 0:02:55]} 39. Kc4 {[%clk 0:03:21]} Kf7
{[%clk 0:01:17]} 40. Kc5 {[%clk 0:03:02]} Ke8 {[%clk 0:01:19]} 41. Kb6 {[%clk
0:02:19]} Kd7 {[%clk 0:01:40]} 42. Bf8 {[%clk 0:02:39]} Kc8 {[%clk 0:01:49]}
43. Bxh6 {[%clk 0:02:49]} Bd8+ {[%clk 0:01:57]} 44. Ka7 {[%clk 0:01:03]} Bf6
{[%clk 0:02:10]} 45. Bf8 {[%clk 0:30:01]} Kc7 {[%clk 0:32:15]} 46. Bb4 {[%clk
0:30:03]} Kc6 {[%clk 0:31:57]} 47. Bc3 {[%clk 0:28:32]} Be7 {[%clk 0:30:04]}
48. Bd2 {[%clk 0:20:24]} Bf6 {[%clk 0:28:51]} 49. Be3 {[%clk 0:20:24]} a5
{[%clk 0:28:24]} 50. a4 {[%clk 0:20:19]} Bd8 {[%clk 0:28:05]} 51. b3 {[%clk
0:19:42]} Bf6 {[%clk 0:25:47]} 52. Bb6 {[%clk 0:18:37]} Be7 {[%clk 0:26:12]}
53. Bxa5 {[%clk 0:13:04]} Bc5+ {[%clk 0:26:31]} 54. Kb8 {[%clk 0:13:06]} Bxf2
{[%clk 0:26:57]} 55. Bb4 {[%clk 0:12:22]} b6 {[%clk 0:25:05]} 56. Be7 {[%clk
0:12:20]} Be3 {[%clk 0:25:24]} 57. Kc8 {[%clk 0:11:54]} b5 {[%clk 0:24:29]} 58.
axb5+ {[%clk 0:11:55]} Kxb5 {[%clk 0:24:42]} 59. Kd7 {[%clk 0:12:05]} 1-0